000
00208 a2200097 4500
001
20733
100
_a
Harris, C O
245
_a
Mechanics for Engineering
260
_a
_b
Ronald
_c
1965
090
_c
15017
_d
15017
942
_a
NUST-CAE
_c
M
_c
5578
999
_c
255806
_d
255806